| 000 | 00900cam a22002534a 4500 | ||
|---|---|---|---|
| 001 | 12230172 | ||
| 005 | 20241129185020.0 | ||
| 008 | 001114s2002 maua 001 0 eng | ||
| 020 | _a0073656011 (acidfree paper) | ||
| 020 | _a9780073656014 | ||
| 050 | 0 | 0 |
_aQD31.2 .C37 2002 _b.C37 2002 |
| 082 | 0 | 0 |
_a540 _221 |
| 100 | 1 | _aChang, Raymond. | |
| 245 | 1 | 0 |
_aChemistry / _cRaymond Chang. |
| 250 | _a7th ed. | ||
| 260 |
_aBoston : _bMcGraw-Hill, _cc2002. |
||
| 300 |
_a1 v. (various pagings) : _bcol. ill. ; _c27 cm. |
||
| 500 | _aIncludes index. | ||
| 650 | 0 | _aChemistry. | |
| 856 | 4 | 2 |
_3Publisher description _uhttp://www.loc.gov/catdir/description/mh024/00066845.html |
| 856 | 4 | 1 |
_3Table of contents _uhttp://www.loc.gov/catdir/toc/mh023/00066845.html |
| 856 | 4 | 2 |
_3Contributor biographical information _uhttp://www.loc.gov/catdir/enhancements/fy0737/00066845-b.html |
| 942 |
_2lcc _cBK _e7th ed. _n0 |
||
| 999 |
_c1785 _d1785 |
||